000 01083nam0a2200301 4500
001 RU\NLR\BIBL_A\022728560
005 20260510042747.0
010 _a978-5-0068-6742-0
021 _aRU
_bКН-П-25-081124
_9КН-П-25-7856
035 _a(NLR Aleph) 022728560
090 _a13701783
_c13701783
100 _a20260216d2025 u y0rusy50 ca
101 0 _arus
102 _aRU
105 _aa z 000zy
181 0 _ai
_baxxe
182 0 _an
200 1 _aМоре внутри меня
_eбез воды
_fВардан Каренович Мамаджанян
203 _aТекст
_bвизуальный
_cнепосредственный
210 _a[Б.м.]
_cИздательские решения
_d2025
215 _a118 с.
_cил.
_d21
606 1 _aЛичность
_jПопулярные издания
_xСаморегуляция
_92100077
_3RU\NLR\AUTH\661270207
686 1 _aЮ948.1-8я9
700 1 _aМамаджанян
_bВ. К.
_f1994-
_gВардан Каренович
942 _cBOOK
980 _aNB